000 01045nam2a22002291 4500
001 rc\910301
005 20250622103352.0
035 _a(NLR Aleph) 006242213
090 _a6676529
_c6676529
100 _a20041129d1983 |||y0rusy50 ca
101 0 _arus
102 _aRU
105 _ay |||||||||
200 1 _aГод 1981
210 _d1983
_aБ. м.
215 _a98 с.
461 0 _1001rc\910300
_12001#$aНовокузнецк в цифрах и фактах$eЛетопись$eРек. библиогр. указ. лит.$fНовокузнец. центр. гор. б-ка им. Н.В. Гоголя, Библиогр. отд$vВып. 7
_96676524
_cНовокузнецк
_d1983-
_fНовокузнец. центр. гор. б-ка им. Н.В. Гоголя, Библиогр. отд
_nБ. и.
_oЛетопись : Рек. библиогр. указ. лит.
_tНовокузнецк в цифрах и фактах
_vВып. 7
801 0 _aRU
_bNLR
_gpsbo
801 1 _aRU
_bELAR
_2rusmarc
852 _aNLR
_bС
_jК-1/5517
942 _cBOOK
980 _aNB